000 01238nam a2200313 i 4500
003 EG-GICUC
005 20260121101643.0
008 260104s2003 ua ||||fr|||| 000 0 ara d
040 _a EG-GICUC
_bara
_c EG-GICUC
_d EG-GICUC
_erda
041 _aara
082 0 4 _221
_a3345.82236
_bع ب . أ
092 0 4 _221
099 _aLaw1 07 3345.82236 ع ب . أ 2003
100 0 _aعبدالعزيز عبدالمنعم خليفة
_eمؤلف.
245 1 0 _aأوجه الطعن بإلغاء القرار الإداري في الفقه وقضاء مجلس الدولة /
_cدكتور عبدالعزيز عبدالمنعم خليفة
264 1 _aالإسكندرية :
_bمنشأة المعارف,
_c2003.
300 _a501 صفحة ؛
_c24 سم
_bإيضاحيات، صور، مثيليات ؛
336 _2rda content
_atext
337 _2rda media
_aComputer
338 _2rda carrier
_aOnline Resource
546 _aالنص باللغة العربية
600 _a
650 1 4 _aأوجهه الطعن والالغاء
_2qrmak
650 1 4 _aأوجه الطعن بدعوى الإلغاء
_2qrmak
651 1 _2qrmak
856 4 0 _uhttps://fll.law.cu.edu.eg/fulltext/bks/B07-02172.pdf
905 _a79
942 _2ddc
_cBK
_e21
_n0
999 _c54316
_d54316